000 00931nmm a2200325 a 4500
003 AR-BaBNM
005 20251128203048.0
008 247019s1969 ||||||||||||||000 | spa||
040 _cAR-BaBNM
245 1 0 _aGuía psicopedagógica 6to grado
260 _aBuenos Aires
_bCórdoba
_c1969
300 0 _a603 p.
_bil.
504 _aBibliografía p. 594
650 4 _aGUIA DEL DOCENTE
650 4 _aENSENANZA DE LAS MATEMATICAS
650 4 _aENSEÑANZA DE LA CIENCIA
653 0 _aENSENANZA DE LA LENGUA
653 0 _aEDUCACION PRIMARIA
653 0 _aENSENANZA TRADICIONAL
653 0 _aEXPRESION CORPORAL
700 1 _aCallejas, Sabina E.
700 1 _aGarcía de la Mata, Helena L.
700 1 _aGarcía de la Mata, Susana L.
700 1 _aMayoral de Iriarte, Cora N.
700 1 _aMinaberrigaray, Oscar
700 1 _aPaglilla, Ofelia F.M.
700 1 _aCeci, Angélica M.
942 _cBK
998 _cCarmen
999 _c1716
_d1716